01715nam a22005057a 450000500170000000800410001702000180005804100080007608200180008410000350010224500770013725000160021426000130023026000220024326000090026530000180027449000470029250502790033965000240061865000280064265000230067065000290069365000180072265000420074065000300078265000300081265000170084265000190085965000220087865000160090065000180091665000160093465000180095065000150096865000130098365000240099665000260102065000300104665000160107665000240109265000270111665000170114365000280116065000210118820250827122017.0210121b2018 xxu||||| |||| 00| 0 spa d a9789587628708 aESP a658.43 M244h2 aMaldonado Pinto, Jorge Enrique aHabilidades gerenciales: visión globalizada del proceso administrativo a2 edición aColombia bEdiciones de la U c2018 a182 páginas aDirección y Administración de Empresas aPARTE I. La gerencia en un mercado globalizado. PARET II. Entre la teoría y la técnica. PARTE III. La gestión gerencial y las estrategias PARTE IV. El análisis estructural como técnica para priorizar estrategias gerenciales. PARTE V. Una nueva propuesta gerencial. aGERENCIA INTERMEDIA aHABILIDADES GERENCIALES aLA GLOBALIZACIÓN aINNOVACIÓN PLANIFICADA aBRAINSTORMING aREGLAS DE LA INNOVACIÓN PLANIFICADA aGERENCIA DEL MUNDO ACTUAL aHERRAMIENTAS GERENCIALES  aBENCHMARKING aREINGENIERÍA aTRABAJO EN EQUIPO aEMPOWERMENT aCALIDAD TOTAL aOUTSOURCING aCALIDAD TOTAL aDOWNSIZING aUPSIZING aSERVICIO AL CLIENTE aEL BALANCED SCARECARD aSATISFACCIÓN AL CLIENTE aEL COACHING aGESTIÓN GERENCIAL aESTRATEGIA DEL NEGOCIO aMACROENTORNO aESTRATEGIAS DE MERCADEO aPLAN DE ACCIÓN